THEORY AND PRACTICE OF BANKING (Record no. 477769)

MARC details
000 -LEADER
fixed length control field 00640nam a2200205Ia 4500
008 - FIXED-LENGTH DATA ELEMENTS--GENERAL INFORMATION
fixed length control field 100315s9999 xx 000 0 und d
082 ## - DEWEY DECIMAL CLASSIFICATION NUMBER
Item number 3034 
Classification number 332.1 
100 ## - MAIN ENTRY--PERSONAL NAME
Personal name "BEDI, H. L. AYYAR, G. S. & OTHERS "
245 ## - TITLE STATEMENT
Title THEORY AND PRACTICE OF BANKING
250 ## - EDITION STATEMENT
Edition statement 6th 
260 ## - PUBLICATION, DISTRIBUTION, ETC. (IMPRINT)
Place of publication, distribution, etc Mumbai 
Name of publisher, distributor, etc JEEVANDEEP  
Date of publication, distribution, etc 1984 
300 ## - PHYSICAL DESCRIPTION
Extent "XIV,445P  "
365 ## - TRADE PRICE
Price note Aus.Sch. 
Unit of pricing
Price amount 45.00 
366 ## - TRADE AVAILABILITY INFORMATION
Publishers' discount category
530 ## - ADDITIONAL PHYSICAL FORM AVAILABLE NOTE
Availability source -  
620 ## -
-- "History of Indian Banking, Banker & Customer, Loans & Advances, Lines of Defence "
630 ## - SUBJECT ADDED ENTRY--UNIFORM TITLE
Uniform title THEORY AND PRACTICE OF BANKING
730 ## - ADDED ENTRY--UNIFORM TITLE
Uniform title THEORY AND PRACTICE OF BANKING
942 ## - ADDED ENTRY ELEMENTS (KOHA)
Koha item type Book
Holdings
Withdrawn status Lost status Damaged status Not for loan Home library Current library Date acquired Cost, normal purchase price Total Checkouts Full call number Barcode Date last seen Price effective from Koha item type
        Dr. V. N. Bedekar Institute of Management Studies Library Dr. V. N. Bedekar Institute of Management Studies Library 12/07/2005 45.00   332.1 /BEB  3034  VPMBRIMS-3034  03/19/2010 03/19/2010 Book